Loreto College Library, Kolkata
WEBOPAC (ONLINE PUBLIC ACCESS CATALOGUE)

The Universe (Record no. 339)

MARC details
000 -LEADER
fixed length control field 00570nam a2200205Ia 4500
005 - DATE AND TIME OF LATEST TRANSACTION
control field 20240803083240.0
008 - FIXED-LENGTH DATA ELEMENTS--GENERAL INFORMATION
fixed length control field 131103s9999 xx 000 0 und d
020 ## - ISBN | অাই এস বি এন
ISBN | অাই এস বি এন 0-7126-0774-9
040 ## - CATALOGING SOURCE
Original cataloging agency Loreto College
041 ## - LANGUAGE CODE
Language code English
082 ## - DDC | ডিউই
Classification number | বর্গসংখ্যা 523.112
Book Number | গ্রন্থাঙ্ক COU
100 ## - MAIN ENTRY--PERSONAL NAME | মুখ্য সংলেখ - ব্যাক্তিনাম
Personal name | ব্যাক্তিনাম Couper , Heather
245 #4 - TITLE STATEMENT | অাখ্যা বিবরণী
Title | অাখ্যা The Universe
Statement of responsibility | লেখকের দায়িত্বের বিবরণ by Heather couper and David Petham
260 ## - IMPRINT | প্রকাশনা ক্ষেত্র
Place of publication | প্রকাশ স্থান [s.l.]
Name of publisher | প্রকাশকের নাম Century Publishing
Date of publication | প্রকাশ কাল [?]
504 ## - BIBLIOGRAPHY, ETC. NOTE
Bibliography, etc It is a three dimentional popup book
650 ## - SUBJECT ADDED ENTRY--TOPICAL TERM | বিষয় শিরোনাম - মূল বিষয়
Topical term | মূল বিষয় Astronomy
651 ## - SUBJECT ADDED ENTRY--GEOGRAPHIC NAME | বিষয় শিরোনাম - ভৌগলিক নাম
Geographic name | ভৌগলিক বিষয় Universe ,galaxies ,quasars - Galaxies
850 ## - HOLDING INSTITUTION
Holding institution LCLIB
942 ## - ADDED ENTRY ELEMENTS (KOHA)
Koha item type Books
Holdings
Withdrawn status Lost status Source of classification Damaged status Not for loan Home library Current library Date acquired Total Checkouts Full call number Accession No. Date last seen Price effective from Koha item type Coded location qualifier
    Dewey Decimal Classification     Loreto College Loreto College 04/11/2013   523.112 COU 35961 B348 04/11/2013 04/11/2013 Books